|
|
|
|
| LEADER |
01351nem a2200373 a 4500 |
| 001 |
000677473 |
| 003 |
CZ BrMZK |
| 005 |
20071009131518.0 |
| 007 |
a c |
| 008 |
030711s2003 xr XX 1 mul d |
| 020 |
|
|
|a 80-86457-24-9
|q (brož.)
|
| 034 |
1 |
|
|a a
|b 20000
|b 7500
|
| 040 |
|
|
|a BOA001
|b cze
|
| 043 |
|
|
|a e-xr---
|b e-xr-ka
|2 czenas
|
| 072 |
|
7 |
|a 913(4)
|x Geografie Evropy, reálie, cestování
|2 Konspekt
|9 7
|
| 080 |
|
|
|a 913(437.318)
|2 MRF
|
| 080 |
|
|
|a 912.43:911.375
|2 MRF
|
| 080 |
|
|
|a (084.3)
|2 MRF
|
| 100 |
1 |
|
|a Šemberová, Pavla,
|d 1965-
|7 mzk2003194842
|4 aut
|
| 245 |
1 |
0 |
|a Karlovy Vary
|h [kartografický dokument] :
|b plán města a průvodce /
|c [autor: Pavla Šemberová]
|
| 250 |
|
|
|a 9. vyd.
|
| 255 |
|
|
|a 1:7 500
|
| 255 |
|
|
|a 1:20 000
|
| 260 |
|
|
|a Karlovy Vary :
|b Paret 2,
|c 2003
|
| 300 |
|
|
|a 1 l. ;
|c 46 x 64 cm složený na 23 x 11 cm
|
| 500 |
|
|
|a Na rubu stručný vlastivědný text vícejazyčně
|
| 504 |
|
|
|a Obsahuje rejstřík ulic
|
| 504 |
|
|
|a Obsahuje doplňkovou mapu centra města a okolí města
|
| 655 |
|
7 |
|a plány měst
|7 fd133027
|2 czenas
|
| 651 |
|
7 |
|a Karlovy Vary (Česko)
|7 ge129535
|2 czenas
|
| 710 |
2 |
|
|a Paret 2 (vydavatelství)
|7 mzk2003190962
|
| 910 |
|
|
|a BOA001
|b Mp2-1122.113
|
| 990 |
|
|
|a MP
|
| 996 |
6 |
|
|b 2610195917
|c Mp2-1122.113
|l MZK
|r Sklad / do 1 hodiny
|n 1
|p p.v.
|w 000677473
|u 000010
|a 1
|e BOA001
|j MZK50
|s P
|